Chicago Bulls 2010s Top 10 Leaders - Statistics

General Stats
  • This quiz has been taken 220 times
  • The average score is 8 of 15
Answer Stats
Player % Correct
Derrick Rose
99%
Joakim Noah
97%
Jimmy Butler
94%
Luol Deng
81%
Carlos Boozer
71%
Taj Gibson
69%
Kirk Hinrich
68%
Pau Gasol
65%
Robin Lopez
37%
Kris Dunn
35%
Nikola Mirotic
35%
Bobby Portis
34%
Ronnie Brewer
20%
Ömer Aşık
17%
Jerian Grant
10%
No matching quizzes found
Score Distribution
Percent of People with Each Score
Percentile by Number Answered
Your Score History
You have not taken this quiz